000 00405nam a2200169Ia 4500
008 230711s9999||||xx |||||||||||||| ||und||
020 _a978-1-68285-657-4
041 _aENG
082 _a720
_bPE-U
100 _aPerez, Matthew
245 0 _aUrban Planning and Development
250 _a1st Ed.
260 _c2013
_aNew York
_bWillford Press
300 _a213p.
650 _aArchitecture
942 _cBK
999 _c6896
_d6896